Library of the University of Algiers 3
Ibrahim Sultan Cheibout
شعار جامعة الجزائر 3
مكتبة جامعة الجزائر 3
إبراهيم سلطان شيبوط

السياسات الإقتصادية والتجارية في البلدان العربية : (رقم التسجيلة. 44200)

تفاصيل مارك
000 -LEADER
fixed length control field 01834nam a2200265Ia 4500
003 - CONTROL NUMBER IDENTIFIER
control field Ost
005 - DATE AND TIME OF LATEST TRANSACTION
control field 20260507075355.0
008 - FIXED-LENGTH DATA ELEMENTS--GENERAL INFORMATION
fixed length control field 260507s9999||||xx |||||||||||||| ||und||
020 ## - INTERNATIONAL STANDARD BOOK NUMBER
International Standard Book Number 40654196149
040 ## - CATALOGING SOURCE
Transcribing agency fsecg
041 ## - LANGUAGE CODE
Language code of text/sound track or separate title ara
082 ## - DEWEY DECIMAL CLASSIFICATION NUMBER
Classification number 330
100 ## - MAIN ENTRY--PERSONAL NAME
Personal name الخفيف، محمود
Relator term مؤلف
245 #0 - TITLE STATEMENT
Title السياسات الإقتصادية والتجارية في البلدان العربية :
Remainder of title التكامل والتشغيل والحد من الفقر /
Statement of responsibility, etc. محمود الخفيف
260 ## - PUBLICATION, DISTRIBUTION, ETC.
Place of publication, distribution, etc. بيروت:
Name of publisher, distributor, etc. المؤسسة العربية للدراسات والنشر,
Date of publication, distribution, etc. 2012
300 ## - PHYSICAL DESCRIPTION
Extent 432 صفحة؛
Other physical details إيضاحات ؛
Dimensions 24 سم
504 ## - BIBLIOGRAPHY, ETC. NOTE
Bibliography, etc. note الملاحق ص.393
520 ## - SUMMARY, ETC.
Summary, etc. تعزيز السياسات الإقتصادية والتجارية الموجهة للنمو على المستوى الإقليمي- بحث العلاقة بين التجارة والفقر حالة مصر- تأثير سياسات التجارة والإستثمار على التشغيل والفقر في الأردن- عملية التحرير الإقتصادي والتجاري في المغرب وآثارها- وضع سياسات الإقتصاد الكلي والتجارة تحت الإحتلال في الارض الفلسطينية- السياسة التجارية والإندماج الإقليمي والنمو الداعم للفقراء- التجارة العربية البيانات والنماذج والقضايا- استراتيجية تنموية للحد من الفقر والتكامل العربي
653 ## - INDEX TERM--UNCONTROLLED
Uncontrolled term البلدان العربية
653 ## - INDEX TERM--UNCONTROLLED
Uncontrolled term السياسة الإقتصادية
653 ## - INDEX TERM--UNCONTROLLED
Uncontrolled term السياسة التجارية
700 ## - ADDED ENTRY--PERSONAL NAME
Personal name راد، سحر تقديسي
Relator term مؤلف ثانوي
700 ## - ADDED ENTRY--PERSONAL NAME
Personal name الأقرع، معتصم
Relator term مؤلف ثانوي
942 ## - ADDED ENTRY ELEMENTS (KOHA)
Koha item type كتب
المقتنيات
Withdrawn status Lost status Source of classification or shelving scheme Damaged status Not for loan Home library Current library Date acquired Serial enumeration / chronology Inventory number Total checkouts Full call number Barcode Date last seen Price effective from Koha item type
    Dewey Decimal Classification   NOT LOAN / إعارة داخلية مكتبة كلية العلوم الإقتصادية والعلوم التجارية وعلوم التسيير مكتبة كلية العلوم الإقتصادية والعلوم التجارية وعلوم التسيير 07/05/2026 الطابق الأرضي 25256   أ/4258ن1 25256 07/05/2026 07/05/2026 كتب
    Dewey Decimal Classification   Available مكتبة كلية العلوم الإقتصادية والعلوم التجارية وعلوم التسيير مكتبة كلية العلوم الإقتصادية والعلوم التجارية وعلوم التسيير 07/05/2026 الطابق الأرضي 25257   أ/4258ن2 25257 07/05/2026 07/05/2026 كتب
    Dewey Decimal Classification   Available مكتبة كلية العلوم الإقتصادية والعلوم التجارية وعلوم التسيير مكتبة كلية العلوم الإقتصادية والعلوم التجارية وعلوم التسيير 07/05/2026 الطابق الأرضي 25258   أ/4258ن3 25258 07/05/2026 07/05/2026 كتب

موارد الويب المفتوحة


© University of Algiers 3 All Rights Reserved
|
Implemented by LECHELAH Riad